Responses for Show #5567 - Tuesday, November 18, 2008

2008-B Teen Tournament semifinal game 2.

Ask Alex #4: Funniest thing.

Contestants

[<< previous game]

Jay Schrader, a junior from Lexington, Kentucky

Shelby Malone, a senior from Grayson, Kentucky

Bradley Silverman, a junior from Alpharetta, Georgia

[next game >>]

Jeopardy! Round responses

MSAs
(Alex: These are metropolitan statistical areas as defined by the U.S. Census.)
IN TOON
THE MAGNA CARTA
I CAN'T HEAR MYSELF THINK
VIDEO GAMING
COMMON BONDS
    $200 16
Fort Worth

Jay
    $200 26
The Simpsons Movie

Jay
    $200 1
the Thames

Bradley
    $200 6
a drill

Jay
    $200 7
Rock Band

Bradley
    $200 21
(Jay: What is The Right Stuff?)

(U.S.) senators

ShelbyJay
    $400 17
Pennsylvania

Jay
    $400 27
Bee Movie

Jay
    $400 2
the Preamble

Bradley
    $400 8
cows

Shelby
    $400 12
the Wii

Jay
    $400 22
cats

Bradley
    $600 18
Wisconsin

Triple Stumper
    $600 28
Surf's Up

Jay
    $600 3
(Jay: Who is King John?)

the Pope

Jay
Triple Stumper
    $600 9
(Jay: What is Ride?)

Roar

BradleyJay
    $600 13
Portal

Bradley
    $600 23
things that rhyme

Shelby
    $800 19
Salt Lake City

Jay
    $800 29
Ice Age

Shelby
    $800 4
King John

Bradley
    $800 10
(Jay: What is Quake?)

Earthquake

Jay
Triple Stumper
    $800 14
Pirates

Bradley
    $800 24
things you hit

Shelby
    $1,000 20
(Jay: What... is... Springfield?)

Kansas City

Jay
    $1000 30
Happily Never After

Triple Stumper
    $1000 5
the American Bar Association

Bradley
    $1000 11
(Jay: What is an airport?)
(Alex: Be more specific.)

the Washington, D.C. airport

Jay
    $1000 15
Conan (the Barbarian)

Bradley
    $1000 25
things you pluck

Shelby

Scores at the first commercial break (after clue 15):

Bradley Shelby Jay
$5,600 $400 -$400

Scores at the end of the Jeopardy! Round:

Bradley Shelby Jay
$6,000 $3,800 $1,000

Double Jeopardy! Round responses

YOU'RE HISTORY!
THE WORLD OF SPORTS
INFESTED WITH INSECTS
IT HAPPENS ONCE A YEAR
CLASSICAL MUSIC
VWLLSS FRT
(Alex: VOWELLESS FRUIT. We will give you the fruit without the vowels in it. You have to identify the fruit.)
    $400 2
King Tut

Bradley
    $400 1
football

Bradley
    $400 8
(Bradley: What is a drone?)
(Jay: What is a worker ant?)
...
(Alex: She becomes [*], an egg-layer.)

a queen (or an egglayer)

BradleyJay
Triple Stumper
    $400 16
Halloween

Jay
    $400 17
Mozart

Jay
    $400 26
a banana

Bradley
    $800 3
King Henry VIII

Bradley
    $800 7
bowling

Bradley
    $800 9
the Mediterranean

Jay
    $800 22
dachshunds

Jay
    $800 18
Tchaikovsky

Jay
    $800 27
a kumquat

Bradley
    $1200 4
(Bradley: What is Mount Vernon?)
(Shelby: What is Saratoga?)

Yorktown

BradleyShelby
Triple Stumper
    $1200 14
luge

Bradley
    $1200 12
silk

Bradley
    $1200 23
Easter

Bradley
    $1200 19
Gershwin

Shelby
    $1200 28
a currant

Shelby
    $2,000 5
(Bradley: Who is Aristotle?)

Socrates

Bradley
    $1,000 11
polo

Shelby
    $1600 13
a centipede

Jay
    $1600 24
(Shelby: What is the Macy's Parade?)

the St. Patrick's Day Parade

Shelby
Triple Stumper
    $1600 20
Chopin

Shelby
    $1600 29
a passion fruit

Bradley
    $2000 6
(Alex: King Kamehameha--you are correct.)

Hawaii

Jay
    $2000 10
skiing

Shelby
    $2000 15
the boll weevil

Bradley
    $2000 25
(Edward) Lear

Jay
    $2000 21
Aida

Jay
    $2000 30
a papaya

Shelby

Scores at the end of the Double Jeopardy! Round:

Bradley Shelby Jay
$13,200 $10,000 $11,400

[wagering suggestions for these scores]

Final Jeopardy! Round responses

LITERARY CHARACTERS
ShelbyWho is Mowgli? Tarzan
$9,998
JayWho is Tarzan?
$11,400
BradleyWho is Tarzan
$9,601
Tarzan

Final scores:

Bradley Shelby Jay
$22,801 $19,998 $22,800
Finalist 3rd place: $10,000 2nd place: $10,000

Game dynamics:

Coryat scores:

Bradley Shelby Jay
$15,200 $10,600 $12,400
21 R,
3 W
(including 1 DD)
12 R
(including 1 DD),
2 W
18 R,
6 W
(including 1 DD)

Combined Coryat: $38,200

[game clues] [game scores] [suggest correction]

Game tape date: 2008-10-07
The J! Archive is created by fans, for fans. Scraping, republication, monetization, and malicious use prohibited; this site may use cookies and collect identifying information. See terms. The Jeopardy! game show and all elements thereof, including but not limited to copyright and trademark thereto, are the property of Jeopardy Productions, Inc. and are protected under law. This website is not affiliated with, sponsored by, or operated by Jeopardy Productions, Inc. Join the discussion at JBoard.tv.